000 00297nam a22001337a 4500
020 _a0-435-99913-3
082 _a425
_bPER/O
100 _aPERRY,HAYDN
245 _aONCE A WEEK COMPREHENSION
260 _aCHENNAI
_bGINN & COMPANY
300 _a63
650 _aCOMPREHENSION
_zCHENNAI
942 _cBK
999 _c3809
_d3809